| 000 | 00565nam a2200121Ia 4500 | ||
|---|---|---|---|
| 008 | 200902s9999 xx 000 0 und d | ||
| 020 | _a978-1-98462-287-7 | ||
| 245 |
_cAleksandar Mratinkovic , Dan Piestun , Felecia Killings , Sandra El Hajj , Hazem Shawky Fouda , Fozia Parveen , Igor Krunic , Jovan Pehcevski , Tanjina Nur , Stephen , MIchelle.-- _aBasic computer coding : _bresponsive design / |
||
| 260 |
_aNew York : _b3G E-Learning _c2019 |
||
| 300 |
_a299 pages : _bcolor illustrations ; _c23 cm. |
||
| 650 | _aWeb site development | ||
| 650 | _aWebsites -- Design | ||
| 999 |
_c363924 _d363924 |
||